|
|
|
|
| LEADER |
00000nam a2200000 a 4500 |
| 001 |
vtls001076998 |
| 003 |
SK-MaSNL |
| 005 |
20260301153157.0 |
| 008 |
250414s1994 xo ger |
| 015 |
|
|
|a SNBA1994/12
|
| 020 |
|
|
|a 8071580392
|
| 035 |
|
|
|a SNK000019832
|
| 035 |
|
|
|a urn:nbn:sk:snk-amlnvx
|
| 035 |
|
|
|a urn:nbn:sk:snk-am00bwtd
|
| 035 |
|
|
|a FFA71A34-B896-40C3-B28D-D715C68C085C
|
| 040 |
|
|
|a SNK
|b slo
|c SNK
|e AACR2
|
| 041 |
0 |
|
|a ger
|
| 044 |
|
|
|a xo
|c SK
|
| 080 |
|
|
|a 372.880.30(075.2)(076.5)
|2 1981
|
| 100 |
1 |
|
|a Vieth, Thomas
|4 aut
|9 47602
|
| 245 |
1 |
0 |
|a Wer? Wie? Was? 3
|b Schülerarbeitsheft 2
|c Thomas Vieth
|
| 250 |
|
|
|a 2. vyd.
|
| 260 |
|
|
|a Bratislava
|b Orbis Pictus Istropolitana
|c 1994
|e Bratislava
|f Svornosť
|
| 300 |
|
|
|a 138 s.
|c 29 cm
|
| 366 |
|
|
|e 8000 výt.
|
| 500 |
|
|
|a Schválilo MŠM a športu SR ako alter. učeb. nemčiny pre ZŠ
|
| 500 |
|
|
|a Ilustr. na tit. liste
|
| 655 |
|
7 |
|a učebnice
|2 SNK
|9 22521
|
| 852 |
|
|
|a Slovenská národná knižnica
|
| 919 |
|
|
|a 80-7158-039-2
|
| 958 |
|
|
|a TL
|
| 958 |
|
|
|a UX
|
| 999 |
|
|
|c 791849
|d 793779
|
| 952 |
|
|
|t P60, <04>, [BOOK], {604}
|a SNK
|b SNK
|y VYP
|7 0
|p 17A0080042
|o snkSB 53247/3/2 D1
|0 0
|1 0
|4 0
|d 1997-07-14
|l 0
|r 2004-12-31 00:00:00
|w 2026-02-24
|
| 952 |
|
|
|a SNK
|b SNK
|y PREZ
|7 0
|p 17A0905882
|o snkSB 53247/3/2
|0 0
|1 0
|4 0
|d 2012-07-17
|f 1
|l 0
|r 2025-03-21 00:00:00
|w 2026-02-24
|